000 01151cam a2200217 4500
008 000000n2005 000 0 eng u
020 _a1904829287
035 _a(Sirsi) u132191
110 _aBuilding Maintenance Information
_93229
245 _aOccupancy costs of secondary schools
260 _aLondon
_bBMI
_c2005
300 _a80p.
_bill.
_c30cm.
490 _aBMI Special Report
_v345
520 _aProvides current occupancy benchmarks for two secondary school buildings. Shows the projected annual occupancy costs for two schemes which should provide a strategic benchmark for similar buildings. The data is backed up with projected annual expenditure charts and detailed estimates for individual elements and components. This item is part of a subscription service and cannot be photocopied. Neither can any part of it be read over the phone. Please contact BMI direct on +44 (0)20 7695 1500 for details.
650 _aBENCHMARKING
650 _aOCCUPANCY COSTS
650 _aOCCUPANCY COST PLANS
650 _aSECONDARY SCHOOL
690 _aBUILT ENVIRONMENT-BUILDING MAINTENANCE AND REFURBISHMENT-MAINTENANCE COSTS
942 _n0
999 _c105052
_d105052